Die 10 größten afrikanische Länder - Statistiken

Allgemein
  • Dieses Quiz wurde 210 mal gespielt
  • Das Durchschnittsergebnis liegt bei 9 aus 10
Antwortstatistiken
km² Antwort % Korrekt
2.381.741 Algerien
99%
2.344.858 D.R. Kongo
93%
1.221.037 Südafrika
93%
1.267.000 Niger
92%
1.886.068 Sudan
92%
1.759.540 Libyen
89%
1.284.000 Tschad
86%
1.240.192 Mali
83%
1.104.300 Äthiopien
74%
1.246.000 Angola
68%
Keine übereinstimmenden Quizze gefunden
Verteilung der Resultate
Anzahl Personen mit jedem Resultat
Perzentil nach korrekt beantworteten Fragen
Ihre Resultats-Entwicklung
Sie haben dieses Quiz noch nicht gespielt